Super Mario Items - Statistiken

Allgemein
  • Dieses Quiz wurde 574 mal gespielt
    333 seit der letzten Aktualisierung
  • Das Durchschnittsergebnis liegt bei 17 aus 63
Antwortstatistiken
Ursprungsspiel Item % Korrekt
Super Mario Bros. Super Pilz
95%
Super Mario Bros. Feuerblume
83%
Super Mario Bros. Stern
80%
Super Mario World Yoshi-Ei
80%
New Super Mario Bros. Wii Eisblume
69%
Super Mario 64 Koopa Panzer
58%
Münzen Münze
55%
Super Mario Bros. 3 Super Blatt
55%
Mario Kart spezifisch Banane
51%
New Super Mario Bros. Mega-Pilz
51%
New Super Mario Bros. Mini-Pilz
51%
New Super Mario Bros. Blauer Panzer
50%
Super Mario World Feder
49%
Super Mario Bros. 3 Tanuki Anzug
48%
New Super Mario Bros. Wii Pinguin-Anzug
42%
Münzen rote Münze
40%
Super Mario 3D World Katzenglocke
38%
Super Mario Bros. 1Up Pilz
37%
Münzen Blaue Münze
35%
Super Mario Bros. Wonder Elefanten-Frucht
35%
Mario Kart spezifisch Blitz
33%
Mario Kart spezifisch Kugelwilli
33%
New Super Mario Bros. U Eichel
30%
Weitere Lakitu-Wolke
29%
Super Mario 3D Land Bumerang-Blume
28%
Super Mario Bros. 3 Hammer Anzug
28%
New Super Mario Bros. Wii Propeller Pilz
28%
Mario Kart spezifisch Bob-Omb
26%
Super Mario Bros. 3 Frosch Anzug
26%
New Super Mario Bros. 2 goldener Pilz
26%
Super Mario 64 Titankappe
26%
Super Mario Galaxy Bienen-Pilz
25%
Super Mario Bros. Wonder Bohrer-Pilz
23%
Weitere Wirbelbohrer
23%
Super Mario 64 Flugkappe
18%
New Super Mario Bros. 2 goldene Blume
18%
Münzen Lila Münze
18%
Super Mario 3D World Piranha-Pflanze
17%
Super Mario 3D World Doppelkirsche
15%
Münzen Sternenmünze
14%
New Super Mario Bros. U Deluxe Super-Krone
14%
Super Mario Bros. Wonder Seifenblasen-Blume
13%
Mario Kart spezifisch Blooper
12%
Super Mario Galaxy Feder-Pilz
12%
Mario Kart spezifisch Superhupe
11%
Super Mario Galaxy 2 Wolken-Blume
11%
Super Mario Galaxy Geister-Pilz
10%
New Super Mario Bros. U P-Eichel
10%
Weitere POW-Block
10%
Super Mario Galaxy 2 Fels-Pilz
8%
Mario Kart spezifisch Kettenhund
8%
Super Mario Bros. Wonder Wunder-Blume
8%
Super Mario Galaxy Roter Stern
6%
Super Mario 64 Tarnkappe
5%
Weitere Herz
4%
Weitere Grünstern
3%
Super Mario Bros. 3 Schuh
3%
Weitere Frucht
2%
New Super Mario Bros. 2 goldenes Blatt
2%
Weitere Propeller-Block
2%
Mario Kart spezifisch Bowsers-Panzer
1%
Super Mario 3D Land Graues Blatt
0%
Weitere Münzen-Block
0%
Keine übereinstimmenden Quizze gefunden
Verteilung der Resultate
Anzahl Personen mit jedem Resultat
Perzentil nach korrekt beantworteten Fragen
Ihre Resultats-Entwicklung
Sie haben dieses Quiz seit der letzten Aktualisierung nicht gespielt